[Event "Saint John op-1"]
[Site "Saint John"]
[Date "1988.??.??"]
[Round "?"]
[White "Ivanov, Igor V"]
[Black "Russek, Guil"]
[Result "1/2-1/2"]
[WhiteElo "2505"]
[BlackElo "2305"]

1.d4 e6 2.c4 d5 3.Nc3 Nf6 4.Bg5 Nbd7 5.e3 c6 6.a3 Be7 7.Nf3 O-O 8.Qc2 Re8
9.Rd1 Qa5 10.Bd3 dxc4 11.Bxc4 Nd5 12.Bxe7 Rxe7 13.Bd3 Nf8 14.Rc1 Nxc3 15.Qd2 Nd7
16.Qxc3 Qxc3+ 17.bxc3 b6 18.e4 Bb7 19.Nd2 Rd8 20.Ke2 c5 21.f3 cxd4 22.cxd4 Nb8
23.Ke3 Nc6 24.Nb3 Nxd4 25.Nxd4 Red7 26.Bb5 Rxd4 27.Rc7 a6 28.Rxb7 axb5 29.Rc1 Rd3+
30.Kf4 Rxa3 31.Rcc7 Rf8 32.Rxb6 Ra2 33.Kg3 Rb2 34.h4 g6 35.h5 gxh5 36.Rc5 h6
37.Rbxb5 Rxb5 38.Rxb5  1/2-1/2

[Event "Saint John op-1"]
[Site "Saint John"]
[Date "1988.??.??"]
[Round "?"]
[White "Ivanov, Igor V"]
[Black "Rodriguez, Daniel Mauricio"]
[Result "1/2-1/2"]
[WhiteElo "2505"]
[BlackElo "2465"]

1.c4 f5 2.Nf3 e6 3.g3 Nf6 4.Bg2 c6 5.O-O d5 6.d4 Bd6 7.b3 O-O 8.Nbd2 Nbd7
9.Bb2 b6 10.a4 a5 11.Ne5 Bb7 12.Ndf3 Qe7 13.e3 Rfc8 14.Rc1 Ba6 15.Re1 Ne4
16.Nxd7 Qxd7 17.Ne5 Qe8 18.f3 Nf6 19.Bf1 Rc7 20.Bd3 Nd7 21.Nxd7 Qxd7 22.e4 Bb4
23.Re2 fxe4 24.fxe4 dxc4 25.bxc4 e5 26.c5 Bxd3 27.Qxd3 bxc5 28.Qc4+ Qf7 29.d5 cxd5
30.exd5 Rf8 31.Bxe5 Rd7 32.Rd1 Re7 33.Bf4 Rxe2 34.Qxe2 Bc3 35.Be3 Re8 36.Qd3 Qf3
37.Bf2 Re1+ 38.Bxe1 Bd4+ 39.Qxd4 cxd4 40.Rxd4 Qf6 41.Bf2 Qd6 42.g4 Kf7 43.Bg3 Qb6
44.Bf2 Qd6 45.Bg3 Qa3 46.Kf2 Qc5 47.Ke3 Ke8 48.d6 Qc3+ 49.Ke4 Kd7 50.Kd5 Qc6+
51.Ke5 Qf3 52.Rc4 Qe2+ 53.Kd5 Qf3+ 54.Kc5 Qc6+ 55.Kd4 Qb6+ 56.Kd5 Qb3 57.Kd4 Qd1+
58.Kc3 Qf3+ 59.Kd2 Qd5+ 60.Kc3 Qf3+ 61.Kd2 g5 62.Rc7+ Kd8 63.Rc4 h6 64.Rd4 Kd7
65.Rc4 Qd5+ 66.Kc3 Qd1 67.Rc7+ Kd8 68.Rc4 Qd5 69.Rd4 Qf3+ 70.Kd2 Qf6 71.Kd3 Kd7
72.Rc4 Qf1+ 73.Kc3 Kd8 74.Rd4 Qc1+ 75.Kd3 Qa3+ 76.Kd2 Qb2+ 77.Kd3 Qb3+ 78.Kd2 Kd7
79.Re4 Qa2+ 80.Kc3 Qa1+ 81.Kc2 Qa2+ 82.Kc3 Qa3+ 83.Kd2 Qb2+  1/2-1/2

[Event "Saint John op-1"]
[Site "Saint John"]
[Date "1988.??.??"]
[Round "?"]
[White "Ivanov, Igor V"]
[Black "Hernandez, Ga"]
[Result "1/2-1/2"]
[WhiteElo "2505"]
[BlackElo "2330"]

1.d4 Nf6 2.c4 c5 3.d5 g6 4.Nc3 Bg7 5.e4 d6 6.f4 O-O 7.Nf3 e6 8.Be2 exd5 9.e5 Ne4
10.cxd5 Nxc3 11.bxc3 Nd7 12.e6 fxe6 13.dxe6 Nb6 14.O-O Bxe6 15.Ng5 Qf6 16.Qxd6 Bf5
17.Qxf6 Bxf6 18.Bd2 Rad8 19.Be1 h6 20.Nf3 Bd3 21.Bxd3 Rxd3 22.Rb1 Re8 23.c4 Nxc4
24.Rxb7 Ne3 25.Rf2 Nd1 26.Rf1 Ne3 27.Rf2 Ng4 28.Rf1 c4 29.Bh4 Bg7 30.Ne5 Nxe5
31.fxe5 Bxe5 32.Bf6 Bxf6 33.Rxf6 Rd1+ 34.Kf2 Rf8 35.Rxf8+ Kxf8 36.Rxa7 c3
37.Rc7 Rd2+  1/2-1/2

[Event "Saint John op-1"]
[Site "Saint John"]
[Date "1988.??.??"]
[Round "?"]
[White "Ilic, Zoran"]
[Black "Ivanov, Igor V"]
[Result "1/2-1/2"]
[WhiteElo "2360"]
[BlackElo "2505"]

1.d4 Nf6 2.Nf3 g6 3.c4 Bg7 4.g3 O-O 5.Bg2 d5 6.cxd5 Nxd5 7.O-O Nc6 8.e4 Nb6
9.d5 Na5 10.Qe1 Nac4 11.Nc3 e6 12.b3 Qf6 13.bxc4 Qxc3 14.Qxc3 Bxc3 15.Rb1 exd5
16.cxd5 Re8 17.Bd2 Bg7 18.Rfe1 f5 19.Ng5 fxe4 20.Bxe4 Bh6 21.Rbc1 Bf5 22.Bf3 Rxe1+
23.Rxe1 Bd7 24.h4 Rf8 25.Bf4 Bxg5 26.hxg5 c6 27.dxc6 Bxc6 28.Bxc6 bxc6 29.Re7 Nd5
30.Rxa7 Nxf4 31.gxf4 Rxf4 32.Rc7 Rg4+ 33.Kh2 Rxg5 34.Rxc6 Ra5 35.Rc8+ Kg7
36.Rc7+ Kh6 37.Rc2 Kg5 38.Kg2 h5 39.Rb2 Ra4 40.Rb5+ Kf4 41.Rb2 h4 42.Rd2 g5
43.Rc2 g4 44.Rb2 h3+ 45.Kg1 Re4 46.Rb8 Kf3 47.Rb3+  1/2-1/2

[Event "Saint John op-2"]
[Site "Saint John"]
[Date "1988.??.??"]
[Round "?"]
[White "Ivanov, Igor V"]
[Black "Hebert, Jean"]
[Result "0-1"]
[WhiteElo "2505"]
[BlackElo "2400"]

1.e4 e6 2.d4 d5 3.Nc3 Bb4 4.e5 Ne7 5.a3 Bxc3+ 6.bxc3 c5 7.a4 Nbc6 8.Nf3 Qa5
9.Qd2 Bd7 10.Bd3 Rc8 11.Ba3 cxd4 12.cxd4 Qxd2+ 13.Kxd2 Na5 14.Rhb1 b6 15.Ba6 Nc4+
16.Kd3 Nxa3 17.Rxa3 Rb8 18.Rc3 Kd8 19.Ng5 Be8 20.Bb5 h6 21.Nh3 a5 22.Nf4 Bxb5+
23.Rxb5 g6 24.Rcb3 Kc7 25.c4 dxc4+ 26.Kxc4 Rhd8 27.Rc3 Kb7 28.Kd3 Nc6 29.Rc4 Rbc8
30.Ke4 Nb4 31.Rxc8 Rxc8 32.d5 Rc4+ 33.Kf3 g5  0-1

[Event "Saint John op-2"]
[Site "Saint John"]
[Date "1988.??.??"]
[Round "?"]
[White "Ivanov, Igor V"]
[Black "La Rota, Fabio"]
[Result "1-0"]
[WhiteElo "2505"]
[BlackElo "2295"]

1.c4 e6 2.d4 d5 3.Nc3 Nf6 4.cxd5 exd5 5.Bg5 Nbd7 6.e3 Bb4 7.Nf3 c5 8.Bb5 Qa5
9.O-O Bxc3 10.Bxd7+ Nxd7 11.bxc3 c4 12.Qc2 O-O 13.a4 Re8 14.Rfb1 Qa6 15.Rb5 Qe6
16.h3 b6 17.Rb2 a6 18.Rab1 f6 19.Bf4 Ra7 20.Bg3 Rb7 21.Rb4 Qc6 22.R1b2 Nf8
23.Qb1 Re6 24.Nh4 Bd7 25.Nf5 g6 26.Nh6+ Kg7 27.Ng4 h5 28.Nh2 Be8 29.Nf3 g5
30.e4 dxe4 31.d5 Qxd5 32.Rd2 Qc5 33.Nd4 Ree7 34.Bd6 Qc8 35.Bxe7 Rxe7 36.Rxb6 Bxa4
37.Qb4  1-0

[Event "Saint John op-2"]
[Site "Saint John"]
[Date "1988.??.??"]
[Round "?"]
[White "Ivanov, Igor V"]
[Black "Ross, David"]
[Result "0-1"]
[WhiteElo "2505"]
[BlackElo "2325"]

1.Nf3 c5 2.c4 e6 3.e3 d5 4.d4 Nf6 5.Nc3 Nc6 6.a3 cxd4 7.exd4 Be7 8.Bg5 O-O
9.Rc1 h6 10.Bf4 b6 11.cxd5 Nxd5 12.Nxd5 Qxd5 13.Bc4 Qe4+ 14.Be3 Bb7 15.O-O Rfd8
16.Re1 Qf5 17.Ba2 Bd6 18.d5 Ne7 19.Nd4 Qg6 20.Bb1 f5 21.Nxe6 Bxd5  0-1

[Event "Saint John op-2"]
[Site "Saint John"]
[Date "1988.??.??"]
[Round "?"]
[White "Ross, Paul"]
[Black "Ivanov, Igor V"]
[Result "0-1"]
[WhiteElo "2235"]
[BlackElo "2505"]

1.d4 Nf6 2.Nf3 g6 3.c4 Bg7 4.Nc3 O-O 5.e4 d6 6.Be2 Bg4 7.Be3 Nc6 8.h3 Bxf3
9.Bxf3 Nd7 10.Ne2 e5 11.d5 Ne7 12.h4 f5 13.h5 Nf6 14.hxg6 fxe4 15.gxh7+ Kh8
16.Bh5 c6 17.dxc6 bxc6 18.g4 d5 19.Qc1 Rb8 20.Ng3 d4 21.Bg5 Qa5+ 22.Bd2 Qb6
23.b3 c5 24.Qc2 e3 25.fxe3 e4 26.O-O Qe6 27.Ba5 Nxh5 28.gxh5 d3 29.Qg2 Bxa1
30.Rxa1 Kxh7 31.Qxe4+ Qxe4 32.Nxe4 Rf5 33.Ng3 Rg8 34.Bc7 Rf3 35.Kg2 Rxe3
36.Kf2 Re6 37.Kf3 Nc6 38.Rd1 Rf8+ 39.Kg4 Re3 40.Nf5 Re4+ 41.Kg5 Ne5  0-1

[Event "Saint John op-1"]
[Site "Saint John"]
[Date "1988.??.??"]
[Round "?"]
[White "Fishbein, Alexander"]
[Black "Ivanov, Igor V"]
[Result "1-0"]
[WhiteElo "2435"]
[BlackElo "2505"]

1.e4 c5 2.Nf3 Nc6 3.d4 cxd4 4.Nxd4 g6 5.Nc3 Bg7 6.Nb3 Nf6 7.Be2 O-O 8.O-O a6
9.a4 d6 10.Bg5 Be6 11.f4 Rc8 12.Kh1 Na5 13.Nxa5 Qxa5 14.Bd3 Qb4 15.Rb1 Bc4
16.Qf3 e6 17.f5 h6 18.Bxf6 Bxf6 19.fxg6 fxg6 20.Qg4 Bg7 21.Qxg6 Kh8 22.Ne2 Rxf1+
23.Rxf1 Bxd3 24.cxd3 Qxb2 25.Qxe6 Rf8 26.Rxf8+ Bxf8 27.Qc8 Qxe2 28.Qxf8+ Kh7
29.Qf7+ Kh8 30.Qf8+ Kh7 31.Qe7+ Kh8 32.Qd8+ Kg7 33.Qc7+ Kg8 34.Qc8+ Kg7 35.Qxb7+ Kf6
36.Qb1 Ke5 37.h3 h5 38.Kh2 Qf2 39.Qc1 h4 40.Qg5+ Kd4 41.Qd5+ Ke3 42.Qxd6 Ke2
43.d4 Ke3 44.Qe5  1-0

[Event "Saint John op-1"]
[Site "Saint John"]
[Date "1988.??.??"]
[Round "?"]
[White "Hebert, Jean"]
[Black "Ivanov, Igor V"]
[Result "1/2-1/2"]
[WhiteElo "2400"]
[BlackElo "2505"]

1.d4 Nf6 2.c4 e6 3.Nc3 Bb4 4.e3 b6 5.Ne2 Bb7 6.a3 Bxc3+ 7.Nxc3 O-O 8.d5 c6
9.e4 cxd5 10.exd5 Na6 11.Be2 exd5 12.cxd5 Nc7 13.d6 Ne6 14.O-O Ne4 15.Nxe4 Bxe4
16.Be3 Qf6 17.b4 Rac8 18.Rc1 Rxc1 19.Qxc1 Qg6 20.f3 Bd3 21.Qd2 Bxe2 22.Qxe2 Re8
23.Qd2 h6 24.Rc1 Ng5 25.Bxg5 hxg5 26.Rc7 g4 27.fxg4 Qxg4 28.Rxa7 g6 29.Qc3 Qd1+
30.Kf2 Re2+ 31.Kg3 Qxd6+ 32.Kf3 Re5 33.g4 Qd5+ 34.Kf2 Re8 35.Rc7 Qh1 36.Rc8 Qxh2+
37.Kf3 Qe2+ 38.Kg3 d5 39.Rxe8+ Qxe8 40.Qd4 Qe1+ 41.Kf4 Qc1+ 42.Ke5 b5  1/2-1/2

[Event "Wch-blitz"]
[Site "Saint John"]
[Date "1988.??.??"]
[Round "1"]
[White "Seirawan, Yasser"]
[Black "Ivanov, Igor V"]
[Result "0-1"]
[WhiteElo "2595"]
[BlackElo "2505"]

1.c4 g6 2.g3 Bg7 3.Bg2 Nf6 4.Nc3 O-O 5.e4 c5 6.Nge2 Nc6 7.O-O d6 8.a3 Rb8
9.Rb1 a5 10.d3 Bd7 11.Be3 Ng4 12.Bf4 Nge5 13.h3 Nd4 14.Nxd4 cxd4 15.Nb5 Bxb5
16.Bxe5 dxe5 17.cxb5 Qd7 18.Qa4 b6 19.Rbc1 Rbc8 20.Rc6 Rxc6 21.bxc6 Qc7 22.b4 Ra8
23.Rb1 e6 24.b5 Bf8 25.h4 h5 26.Bh3 Qd6 27.Ra1 Be7 28.Qc4 a4 29.Bg2 Ra7 30.Bf3 Kg7
31.Bd1 Qc5 32.Qxc5 Bxc5 33.Rc1 Bd6 34.Rc4 Kf8 35.Rxa4 Rxa4 36.Bxa4 Ke7 37.Bb3 Bxa3
38.Kg2 Bd6 39.f3 Bc7 40.g4 Kd6 41.Kf2 Bd8 42.g5 Kc5 43.Bc4 Kd6 44.Kg3 Be7
45.f4 Bd8 46.Kf3 Bc7 47.fxe5+ Kxe5 48.Ba2 Kd6 49.Bc4 Ke7 50.Kg2 Bf4 51.Kf3 Bd2
52.Kg3 Be1+ 53.Kh3 Kd6 54.Bb3 Kc7 55.Bc4 Kd6 56.Bb3 Bb4 57.Bc4 Ke7 58.Kg3 Bd6+
59.Kf3 Bc7 60.Bb3 Kd6 61.Bc4 Kc5 62.Ke2 Kb4 63.Kd2 Bf4+ 64.Kc2 Kc5 65.Kd1 Kd6
66.Ke2 Bg3 67.Kf3 Bxh4 68.Kf4 Kc7 69.e5 Kd8 70.Bb3 Be1 71.Bd1  0-1

[Event "Wch-blitz"]
[Site "Saint John"]
[Date "1988.??.??"]
[Round "1"]
[White "Seirawan, Yasser"]
[Black "Ivanov, Igor V"]
[Result "1-0"]
[WhiteElo "2595"]
[BlackElo "2505"]

1.d4 Nf6 2.c4 g6 3.Nc3 c5 4.d5 d6 5.e4 Bg7 6.Bd3 O-O 7.Nge2 e6 8.O-O Re8
9.Bg5 h6 10.Bh4 exd5 11.cxd5 a6 12.a4 Nbd7 13.h3 Rb8 14.a5 Ne5 15.Kh1 g5
16.Bg3 b5 17.axb6 Rxb6 18.Ra2 Nh5 19.Bh2 Qf6 20.f3 Ng6 21.Qd2 Ngf4 22.Nxf4 gxf4
23.Ne2 Qg5 24.Bxf4 Nxf4 25.Qxf4 Rxb2 26.Rxb2 Qxf4 27.Nxf4 Bxb2 28.Rb1 Be5
29.Nh5 a5 30.f4 Bd4 31.e5 Kf8 32.exd6 Bd7 33.Rb7 Rd8 34.Ra7 a4 35.g4 Bb2
36.Kg2 a3 37.Kf3 c4 38.Bxc4 Rc8 39.Rxd7 f5 40.Rc7 Ra8 41.Ba2 Ra5 42.gxf5 Ke8
43.f6 Ra8 44.Ng7+ Kf8 45.Ne6+ Kg8 46.f7+  1-0

[Event "Wch-blitz"]
[Site "Saint John"]
[Date "1988.??.??"]
[Round "1"]
[White "Ivanov, Igor V"]
[Black "Seirawan, Yasser"]
[Result "1-0"]
[WhiteElo "2505"]
[BlackElo "2595"]

1.d4 Nf6 2.c4 e6 3.Nc3 Bb4 4.Bg5 h6 5.Bh4 c5 6.e3 cxd4 7.exd4 d5 8.Nf3 O-O
9.Rc1 Nc6 10.a3 Be7 11.c5 Ne4 12.Bxe7 Qxe7 13.Bb5 Nxc3 14.Rxc3 e5 15.O-O Bg4
16.Bxc6 bxc6 17.Qa4 Bxf3 18.Rxf3 e4 19.Rb3 Qd7 20.Qa6 Rab8 21.Rxb8 Rxb8 22.b4 f5
23.Rb1 f4 24.b5 cxb5 25.c6 Qc7 26.Rxb5 Rc8 27.Rxd5 Kh7 28.Rc5 Rb8 29.Rc1 Rb2
30.Qc4 f3 31.d5 Re2 32.g3 Qb6 33.Rf1 g5 34.c7  1-0

[Event "Wch-blitz"]
[Site "Saint John"]
[Date "1988.??.??"]
[Round "1"]
[White "Ivanov, Igor V"]
[Black "Seirawan, Yasser"]
[Result "0-1"]
[WhiteElo "2505"]
[BlackElo "2595"]

1.d4 Nf6 2.c4 e6 3.Nf3 b6 4.g3 Bb7 5.Bg2 Bb4+ 6.Bd2 Bxd2+ 7.Qxd2 O-O 8.Nc3 Ne4
9.Nxe4 Bxe4 10.O-O d6 11.b4 Nd7 12.Rfd1 Qe7 13.Ne1 Bxg2 14.Nxg2 Nf6 15.a4 d5
16.c5 a5 17.cxb6 cxb6 18.bxa5 Ne4 19.Qb2 bxa5 20.Rd3 Rfb8 21.Rb3 Rxb3 22.Qxb3 Qb4
23.Qa3 Qxd4 24.e3 Qd2 25.Qa2 Qxa2 26.Rxa2 Rb8 27.Nf4 g5 28.Nd3 g4 29.Kg2 Kg7
30.h3 h5 31.hxg4 hxg4 32.Rc2 Kf6 33.Nc5 Rb4 34.Nxe4+ Rxe4 35.Ra2 Ke5  0-1

[Event "Wch-blitz"]
[Site "Saint John"]
[Date "1988.??.??"]
[Round "1"]
[White "Ivanov, Igor V"]
[Black "Seirawan, Yasser"]
[Result "1-0"]
[WhiteElo "2505"]
[BlackElo "2595"]

1.d4 Nf6 2.c4 e6 3.Nf3 b6 4.Nc3 Bb4 5.Bg5 Bb7 6.e3 Bxc3+ 7.bxc3 d6 8.Nd2 Nbd7
9.f3 Qe7 10.e4 e5 11.Be2 O-O 12.Nf1 Rfe8 13.Ne3 Qf8 14.O-O h6 15.Bh4 Nh5
16.Re1 Nf4 17.Bf1 Ng6 18.Bf2 Nf6 19.a4 Bc8 20.a5 Bd7 21.g3 Reb8 22.Nd5 Nxd5
23.cxd5 b5 24.a6 c6 25.dxc6 Bxc6 26.Qb3 Qc8 27.Qb4 Qc7 28.Red1 Bd7 29.dxe5 dxe5
30.Qd6 Qxd6 31.Rxd6 Be8 32.Rb1 Rc8 33.Bxb5 Bxb5 34.Rxb5 Rxc3 35.Rb7 Rxf3
36.Rxa7 Rc8 37.Rad7 Rc2 38.Rd2 Rc1+ 39.Kg2 Ra3 40.a7 Rca1 41.Rc2 Kh7 42.Rxf7 Nh8
43.Rd7 Kg6 44.Rc6+ Kh7 45.Rcc7 Kg6 46.Rxg7+ Kf6 47.Rh7 Ng6 48.Rc6+ Kg5 49.Rg7  1-0

[Event "Wch-blitz"]
[Site "Saint John"]
[Date "1988.??.??"]
[Round "2"]
[White "Ehlvest, Jaan"]
[Black "Ivanov, Igor V"]
[Result "1-0"]
[WhiteElo "2585"]
[BlackElo "2505"]

1.d4 Nf6 2.Nf3 g6 3.c4 Bg7 4.Nc3 O-O 5.e4 d6 6.Be2 Bg4 7.Be3 Nc6 8.d5 Bxf3
9.Bxf3 Ne5 10.Be2 c6 11.O-O Qa5 12.h3 Rfc8 13.f4 Ned7 14.Kh1 cxd5 15.exd5 Nb6
16.Qb3 Nfd7 17.Rac1 Nc5 18.Bxc5 Qxc5 19.f5 Nd7 20.fxg6 hxg6 21.Bg4 f5 22.Be2 a6
23.Na4 Qc7 24.Qe3 Bf6 25.b4 b6 26.g4 Kg7 27.gxf5 Rh8 28.fxg6 a5 29.b5 Rh6
30.Bg4 Nc5 31.Nxb6 Qxb6 32.Rxf6 exf6 33.Qe7+ Kxg6 34.Bf5+ Kxf5 35.Rf1+ Kg5
36.Rg1+ Kf4 37.Rf1+ Kg5 38.Qg7+ Rg6 39.Rg1+ Kf4 40.Qxg6 Ne4 41.Rg4+ Kf3 42.Qxe4+  1-0

[Event "Wch-blitz"]
[Site "Saint John"]
[Date "1988.??.??"]
[Round "2"]
[White "Ivanov, Igor V"]
[Black "Ehlvest, Jaan"]
[Result "0-1"]
[WhiteElo "2505"]
[BlackElo "2585"]

1.d4 d5 2.c4 dxc4 3.Nf3 Nf6 4.e3 e6 5.Bxc4 a6 6.a4 c5 7.O-O Nc6 8.Qe2 cxd4
9.Rd1 Be7 10.exd4 O-O 11.Nc3 Nd5 12.h3 Ra7 13.Bxd5 exd5 14.Bf4 Ra8 15.Ne5 Nb4
16.a5 Bf5 17.Qd2 Rc8 18.Rdc1 f6 19.Ng4 Nd3 20.Rd1 Bg6 21.Bh2 Bb4 22.Ne3 Nxb2
23.Rdc1 Nd3 24.Rc2 Nxf2 25.Nexd5 Ne4 26.Nxe4 Bxd2 27.Rxc8 Qxd5  0-1

[Event "Wch-blitz"]
[Site "Saint John"]
[Date "1988.??.??"]
[Round "2"]
[White "Ehlvest, Jaan"]
[Black "Ivanov, Igor V"]
[Result "1-0"]
[WhiteElo "2585"]
[BlackElo "2505"]

1.d4 g6 2.e4 Bg7 3.Nf3 c6 4.c4 d5 5.e5 f6 6.cxd5 cxd5 7.Nc3 Nc6 8.Bb5 Bg4
9.O-O fxe5 10.dxe5 e6 11.h3 Bxf3 12.Qxf3 Rc8 13.Qg4 Qd7 14.Rd1 Nge7 15.Ne4 O-O
16.Nc5 Qe8 17.Nxe6 Rf5 18.Nxg7 Kxg7 19.Qh4 a6 20.Bd3 Rxe5 21.Bh6+ Kg8 22.Bf4 Nf5
23.Qg4 Rd8 24.Bxe5 Nxe5 25.Qe2 Nd6 26.Bc2 Nc6 27.Qxe8+ Nxe8 28.Bb3 Nf6 29.f3 Kg7
30.Re1 d4 31.Rad1 Rd7 32.Kf2 Nh5 33.g3 Nf6 34.g4 Na5 35.Rd3 b5 36.Red1 Nc6
37.R3d2 Rd6 38.Bc2 Nd5 39.Be4 Ne3 40.Rc1 Nc4 41.Rdd1 Nxb2 42.Re1 Nb4 43.Rc7+ Kf6
44.Rb1 N2d3+ 45.Kg3 Nd5 46.Rxh7 Nc5 47.Bxd5 Rxd5 48.f4 d3 49.Re1 g5 50.fxg5+ Kg6
51.Rhe7 d2 52.Rd1 Kxg5 53.h4+ Kf6 54.Re2 Rd3+ 55.Kf4 Rd4+  1-0

[Event "Thessaloniki ol (Men)"]
[Site "Thessaloniki"]
[Date "1988.??.??"]
[Round "2"]
[White "Arnason, Jon L"]
[Black "Ivanov, Igor V"]
[Result "1/2-1/2"]
[WhiteElo "2535"]
[BlackElo "2510"]

1.e4 c5 2.Nf3 e6 3.d4 cxd4 4.Nxd4 Nc6 5.Nc3 d6 6.Be3 Nf6 7.Be2 Be7 8.O-O O-O
9.f4 a6 10.a4 Bd7 11.Nb3 Na5 12.Nxa5 Qxa5 13.Qe1 Rfe8 14.Bf3 Bc6 15.Kh1 Bd8
16.Bd2 Qc7 17.Qg3 Nd7 18.Rae1 Bf6 19.Bh5 Rf8 20.Qh3 Rae8 21.b3 Nc5 22.Bf3 Rd8
23.Nd1  1/2-1/2

[Event "Thessaloniki ol (Men)"]
[Site "Thessaloniki"]
[Date "1988.??.??"]
[Round "3"]
[White "Ivanov, Igor V"]
[Black "Gulko, Boris F"]
[Result "0-1"]
[WhiteElo "2510"]
[BlackElo "2590"]

1.Nf3 d6 2.c4 e5 3.Nc3 f5 4.d3 Nf6 5.g3 Be7 6.Bg2 O-O 7.O-O Qe8 8.Bg5 Nbd7
9.e3 h6 10.Bxf6 Nxf6 11.d4 e4 12.Nd2 c5 13.Nb5 Qd8 14.Qb3 a6 15.Nc3 cxd4
16.exd4 Rb8 17.Rae1 b5 18.f3 Be6 19.fxe4 bxc4 20.Qc2 fxe4 21.d5 Qb6+ 22.Kh1 Nxd5
23.Qxe4 Nc7 24.Qg6 Rxf1+ 25.Bxf1 d5 26.Bg2 Bf6 27.Nxd5 Nxd5 28.Nxc4 Qd4  0-1

[Event "Thessaloniki ol (Men)"]
[Site "Thessaloniki"]
[Date "1988.??.??"]
[Round "4"]
[White "Orr, Mark J L"]
[Black "Ivanov, Igor V"]
[Result "1-0"]
[WhiteElo "2365"]
[BlackElo "2510"]

1.d4 Nf6 2.Nf3 g6 3.c4 Bg7 4.g3 O-O 5.Bg2 d5 6.cxd5 Nxd5 7.O-O Nc6 8.Nc3 Nb6
9.e3 e5 10.d5 Ne7 11.e4 Bg4 12.h3 Bxf3 13.Qxf3 c6 14.Rd1 cxd5 15.Nxd5 Nbxd5
16.exd5 Nf5 17.d6 Nd4 18.Qxb7 Qxd6 19.Be3 a5 20.Qxa8 Rxa8 21.Bxa8 Qb8 22.Be4 Qxb2
23.Rab1 Qe2 24.Rxd4 exd4 25.Rb8+ Bf8 26.Bh6 Qe1+ 27.Kh2  1-0

[Event "Thessaloniki ol (Men)"]
[Site "Thessaloniki"]
[Date "1988.??.??"]
[Round "5"]
[White "Ivanov, Igor V"]
[Black "Afifi, Assem"]
[Result "1/2-1/2"]
[WhiteElo "2510"]
[BlackElo "2380"]

1.e4 c5 2.Nf3 Nc6 3.d4 cxd4 4.Nxd4 g6 5.c4 Bg7 6.Be3 d6 7.Nc3 Nh6 8.Be2 O-O
9.Qd2 Nxd4 10.Bxd4 f5 11.Bxg7 Kxg7 12.h4 f4 13.Nd5 e5 14.g3 Be6 15.O-O-O Rc8
16.Kb1 Bxd5 17.Qxd5 fxg3 18.fxg3 Rc6 19.Rhf1 Rxf1 20.Rxf1 Qe7  1/2-1/2

[Event "Thessaloniki ol (Men)"]
[Site "Thessaloniki"]
[Date "1988.??.??"]
[Round "8"]
[White "Atalik, Suat"]
[Black "Ivanov, Igor V"]
[Result "1/2-1/2"]
[WhiteElo "2390"]
[BlackElo "2510"]

1.d4 Nf6 2.c4 e6 3.Nf3 b6 4.g3 Ba6 5.b3 c6 6.Bg2 d5 7.O-O Nbd7 8.Nbd2 Rc8
9.e4 dxe4 10.Ng5 Be7 11.Ndxe4 h6 12.Nxf6+ Nxf6 13.Nf3  1/2-1/2

[Event "Thessaloniki ol (Men)"]
[Site "Thessaloniki"]
[Date "1988.??.??"]
[Round "13"]
[White "Agdestein, Simen"]
[Black "Ivanov, Igor V"]
[Result "1-0"]
[WhiteElo "2595"]
[BlackElo "2510"]

1.d4 Nf6 2.c4 e6 3.Nf3 b6 4.g3 Bb7 5.Bg2 Bb4+ 6.Bd2 Be7 7.Nc3 O-O 8.O-O Na6
9.Ne1 Bxg2 10.Nxg2 c6 11.e4 d5 12.cxd5 cxd5 13.e5 Nd7 14.h4 Nc7 15.a4 Nb8
16.Qg4 Nc6 17.Ne2 Qd7 18.Ngf4 Kh8 19.Kg2 Rfc8 20.h5 Ne8 21.Rh1 h6 22.Qf3 Kg8
23.g4 Bg5 24.Bc3 Bxf4 25.Nxf4 f6 26.Rad1 Qf7 27.Rh3 fxe5 28.dxe5 Ne7 29.Qe3 Rc4
30.Rd4 Nc7 31.b3 Rxd4 32.Bxd4 Rf8 33.Ne2 Na6 34.Qc3 Nb8 35.b4 Nbc6 36.b5 Nxe5
37.Rg3 Nc4 38.f4 Rc8 39.Qb4 Na5 40.Rc3 Rxc3 41.Qxc3 Nc4 42.Qf3 Nc8 43.Ba1 N8d6
44.Nd4 Ne4 45.Nc6 Nc5 46.f5 exf5 47.gxf5 Ne4 48.Bd4 Ncd6 49.Qg4 Kf8 50.Nd8 Qxf5
51.Qxg7+ Ke8 52.Nc6 Nf7 53.Qg6 Nd6 54.Nxa7 Qf4 55.Qe6+ Kf8 56.Be3 Qxa4 57.Bxh6+ Nxh6
58.Qxd6+ Ke8 59.Qe6+ Kd8 60.Nc6+ Kc7 61.Qe7+  1-0

[Event "American op"]
[Site "?"]
[Date "1989.??.??"]
[Round "3"]
[White "Ivanov, Igor V"]
[Black "Dake, Arthur William"]
[Result "1-0"]
[WhiteElo "2515"]
[BlackElo "2325"]

1.Nf3 d5 2.d4 Nf6 3.c4 c6 4.cxd5 cxd5 5.Nc3 Nc6 6.Bf4 e6 7.e3 Be7 8.Bd3 O-O
9.a3 Nh5 10.Be5 f6 11.Bg3 f5 12.Be5 Nf6 13.Bxf6 Bxf6 14.Rc1 Bd7 15.O-O Rc8
16.Na4 Rc7 17.Nc5 Bc8 18.Qa4 Qd6 19.Bb5 Ne7 20.Qb4 a5 21.Qa4 Ng6 22.Nd3 Bd8
23.Rxc7 Bxc7 24.Rc1 Ne7 25.g3 Rd8 26.Nfe5 Qb6 27.h4 g6 28.Rc3 Kg7 29.Rb3 Qd6
30.Nc5 b6 31.Ncd3 h6 32.Rc3 g5 33.Qc2 Bb8 34.hxg5 hxg5 35.Nc6 Nxc6 36.Rxc6 Qf8
37.Rxb6 Bd6 38.Ne5 Qe7 39.Ba6 Bxa6 40.Rxa6 Qb7 41.Rxa5 Rc8 42.Ra7  1-0

[Event "American op"]
[Site "?"]
[Date "1989.??.??"]
[Round "6"]
[White "Maric, Alisa"]
[Black "Ivanov, Igor V"]
[Result "0-1"]
[WhiteElo "2365"]
[BlackElo "2515"]

1.Nf3 c5 2.c4 g6 3.g3 Nc6 4.Bg2 Bg7 5.O-O d6 6.Nc3 Be6 7.d3 Qc8 8.Nd5 Rb8
9.Rb1 Nf6 10.Nxf6+ Bxf6 11.Bh6 b5 12.cxb5 Rxb5 13.b3 Bh3 14.Qc2 Bxg2 15.Kxg2 Qb7
16.Kg1 Kd7 17.Qc4 Rb4 18.Qc2 Rb8 19.Bd2 Rb5 20.Qc4 e6 21.Rbc1 Nb4 22.a4 Rb6
23.Bg5 Nd5 24.Qh4 Bb2 25.Rc2 Rxb3 26.Nd2 Rc3 27.Rxc3 Nxc3 28.Re1 h5 29.Qf4 f5
30.Nc4 e5 31.Qh4 Qd5 32.Be7 Rb4 33.Bd8 Qf7 34.Ba5 Rxc4 35.Qd8+ Ke6 36.dxc4 Qb7
37.Bc7 Ne4 38.Qe8+ Kf6 39.Qf8+ Kg5 40.Bd8+ Kg4 41.f3+ Kh3 42.Qe7 Bd4+ 43.e3 Bxe3+
44.Kf1 Nxg3+  0-1

[Event "American op"]
[Site "?"]
[Date "1989.??.??"]
[Round "7"]
[White "Ivanov, Igor V"]
[Black "McCambridge, Vincent"]
[Result "1/2-1/2"]
[WhiteElo "2515"]
[BlackElo "2470"]

1.Nf3 d5 2.d4 e6 3.c4 c6 4.Nc3 Nd7 5.e4 dxe4 6.Nxe4 Ngf6 7.Bd3 Be7 8.O-O O-O
9.Qe2 b6 10.Rd1 Qc7 11.Bg5 Bb7 12.c5 bxc5 13.dxc5 Nxc5 14.Bxf6 gxf6 15.Nxc5 Bxc5
16.Bxh7+ Kg7 17.Rac1 Bb6 18.Be4 Rad8 19.Nd2 f5 20.Bf3 Rd4 21.Re1 Ba6 22.Qe3 Rh8
23.h3 Qf4 24.Nb3 Qxe3 25.Rxe3 Ra4 26.Nc5 Rxa2 27.Bxc6 Rxb2 28.Nxa6 Bxe3 29.fxe3 Rb6
30.Nc7 Kg6 31.e4 f4 32.e5 Rc8 33.Be4+ Kh6 34.Kf2 a5 35.Kf3 a4 36.Kxf4 a3
37.Rc5 a2 38.Ra5 Rxc7 39.Rxa2 Rc5 40.Re2 Rbb5 41.Bf3 Rb4+ 42.Re4 Rxe4+ 43.Bxe4 Kh5
44.g3 Rc1 45.h4 Rf1+ 46.Bf3+ Kg6 47.h5+ Kh6 48.g4 Rg1 49.Be2 Rg2  1/2-1/2

[Event "American op"]
[Site "?"]
[Date "1989.??.??"]
[Round "8"]
[White "Dlugy, Maxim"]
[Black "Ivanov, Igor V"]
[Result "1-0"]
[WhiteElo "2570"]
[BlackElo "2515"]

1.d4 Nf6 2.c4 g6 3.Nc3 Bg7 4.e4 O-O 5.Be3 d6 6.f3 e5 7.d5 c6 8.Qd2 Qa5 9.a3 Na6
10.Bd3 cxd5 11.cxd5 Bd7 12.Nge2 Rfc8 13.O-O Qd8 14.b4 Nc7 15.a4 Nce8 16.a5 Nh5
17.Rac1 a6 18.Kh1 f5 19.exf5 gxf5 20.f4 Qh4 21.Bf2 Qf6 22.fxe5 dxe5 23.Be3 Qg6
24.Bg5 Nhf6 25.Rce1 Nd6 26.Bxf6 Bxf6 27.g4 Bg5 28.Qa2 e4 29.gxf5 Bxf5 30.Bb1 Rc4
31.Rg1 Rac8 32.Rg3 Qf6 33.h4 e3 34.hxg5 Rh4+ 35.Kg1 Qe5 36.Rf1 Bh3 37.Rff3 Bg4
38.Rxe3 Qxg5 39.Ne4 Qg6 40.Nf2  1-0

[Event "US op"]
[Site "Chicago"]
[Date "1989.??.??"]
[Round "6"]
[White "Ivanov, Igor V"]
[Black "Kudrin, Sergey"]
[Result "1-0"]
[WhiteElo "2515"]
[BlackElo "2550"]

1.Nf3 Nf6 2.c4 c5 3.Nc3 b6 4.e4 d6 5.d4 cxd4 6.Nxd4 Bb7 7.Bd3 e6 8.O-O Be7
9.f4 O-O 10.f5 Nc6 11.Be3 Nxd4 12.Bxd4 Qc7 13.Qe2 Bc6 14.Rf3 a6 15.Raf1 Qb7
16.a4 e5 17.Bf2 Nd7 18.Rh3 Rfc8 19.Be3 f6 20.Qh5 Nf8 21.Rg3 Bd8 22.Rff3 Rc7
23.Rg4 Re7 24.Rfg3 Ra7 25.c5 bxc5 26.Bc4+ Kh8 27.Rh4 g5 28.Bxg5 Rg7 29.Bxf6 Bxf6
30.Qxh7+  1-0

[Event "Midwest Masters op"]
[Site "Chicago"]
[Date "1989.??.??"]
[Round "6"]
[White "Leverett, Bruce W"]
[Black "Ivanov, Igor V"]
[Result "0-1"]
[WhiteElo "2255"]
[BlackElo "2515"]

1.d4 Nf6 2.c4 g6 3.Nc3 Bg7 4.Nf3 O-O 5.Bg5 c5 6.e3 Qa5 7.Qd2 d6 8.Be2 Bg4
9.O-O Nbd7 10.a3 cxd4 11.exd4 Rac8 12.b4 Qc7 13.Rac1 Qb8 14.Qa2 h6 15.Be3 Nb6
16.Nd2 d5 17.c5 Na4 18.Ndb1 Nxc3 19.Nxc3 Bxe2 20.Qxe2 Rcd8 21.Qf3 Qc8 22.Rcd1 Qg4
23.Qxg4 Nxg4 24.Bc1 h5 25.a4 Rfe8 26.Rfe1 a6 27.b5 e6 28.h3 Nf6 29.Bf4 Nd7
30.Bd6 Ra8 31.b6 Rac8 32.a5 Bf8 33.Bxf8 Kxf8 34.Na2 Nxc5 35.dxc5 Rxc5 36.Rb1 Rxa5
37.Rb2 Rc8 38.Reb1 Ke7 39.Nc1 Kd6 40.Nd3 Rc3 41.Nc1 Rac5 42.Nb3 Rb5 43.Nd4 Rxb2
44.Rxb2 Rc4 45.Nf3 Rc1+ 46.Kh2 e5 47.g4 hxg4 48.hxg4 Rc4 49.Kg3 Rc3 50.Kg2 e4
51.Nd2 Kc5 52.Nb1 Rc4 53.g5 Rb4 54.Rc2+ Kd6 55.Nc3 Rc4 56.f3 Ke5 57.f4+ Kd6
58.Rc1 Kc6 59.Kf2 a5 60.Ke2 d4 61.Na2 Rxc1 62.Nxc1 a4  0-1

[Event "US op"]
[Site "Chicago"]
[Date "1989.??.??"]
[Round "7"]
[White "Alburt, Lev O"]
[Black "Ivanov, Igor V"]
[Result "1-0"]
[WhiteElo "2520"]
[BlackElo "2515"]

1.Nf3 c5 2.c4 g6 3.d4 cxd4 4.Nxd4 Nc6 5.e4 Nf6 6.Nc3 d6 7.Be2 Nxd4 8.Qxd4 Bg7
9.Bg5 Qa5 10.Bd2 Qb6 11.Qxb6 axb6 12.a4 Be6 13.O-O O-O 14.f4 Rfc8 15.b3 b5
16.f5 Bxc4 17.bxc4 b4 18.fxg6 hxg6 19.e5 bxc3 20.exf6 Bxf6 21.Rxf6 exf6 22.Bxc3 f5
23.a5 d5 24.Rd1 dxc4 25.Rd7 Rab8 26.Bf3 Rd8 27.Rc7 b5 28.a6 b4 29.Bf6 b3
30.Rb7 Rbc8 31.Bxd8 Rxd8 32.a7 Kg7 33.Rb8 c3 34.Rxb3 c2 35.Rc3 Rd1+ 36.Kf2  1-0